Engineering Design with SolidWorks 2006 : A Step-by-Step Project Based Approach Utilizing 3D Solid Modeling /

-д хадгалсан:
Номзүйн дэлгэрэнгүй
Үндсэн зохиолч: Planchard, Marie P. (autor)
Бусад зохиолчид: Planchard, David C. (autor) (autor)
Формат: Ном
Хэл сонгох:англи
Хэвлэсэн: Bedford, EUA : Schroff Development, 2005, c2005
Нөхцлүүд:
Шошгууд: Шошго нэмэх
Шошго байхгүй, Энэхүү баримтыг шошголох эхний хүн болох!

MARC

LEADER 00000nam^a2200000^a^4500
001 000189852
005 20250521000000.0
009 20260310102429.209
020 |a 1-58503-258-1 
037 |a Acervo ITESO - Biblioteca 
041 |a ING 
082 |a 620. 00420285  |b PLA 
100 |a Planchard, Marie P.  |e (autor) 
245 1 0 |a Engineering Design with SolidWorks 2006 :  |b A Step-by-Step Project Based Approach Utilizing 3D Solid Modeling /  |c M.P. Planchard, D.C. Planchard. 
264 4 |a Bedford, EUA :  |b Schroff Development,  |c 2005, c2005 
300 |a 1 v. (varias paginaciones) +  |e 1 disco compacto de computadora 
336 |a texto  |b txt  |2 rdacontenido 
337 |a sin mediación  |b n  |2 rdamedio 
338 |a volumen  |b nc  |2 rdasoporte 
649 |a XX 
650 |a Paquetes (Software) 
650 |a Dibujo Técnico 
650 |a Tercera Dimensión 
650 |a Modelos (Metodología) 
650 |a Gráficas por Computadora 
650 |a Diseño Asistido por Computadora -  |x Tema Principal 
650 |a Diseño Industrial 
650 |a Computadoras en la Industria 
650 |a Ingeniería 
700 |a Planchard, David C.  |e (autor) 
910 |a Fondo General 
920 |a Impresos - Libros 
930 |a Colección General 
905 |a 101 
901 |a 0500133029  |b IT1  |c ACC  |u 20250521 
901 |a 0500133345  |b IT2  |c SWS  |u 20250521 
902 |a https://opac.biblio.iteso.mx/vufind/Record/000189852